000 00707nam a2200205 a 4500
001 000023502
005 20200930022250.0
008 101209s1968 mx ac r 000 0 spa d
040 _aDO-SdBNP
_bspa
_cBNPHU
041 1 7 _aspa
_heng
_2Código de idioma MARC
082 _aNNN
_bS478
245 0 1 _aEL señor magistrado /
_cCompiladores Allison Dunham y Philip B. Kurland ; Versión española: Carlos Palomar.
260 _aMéxico :
_bLimusa Wiley,
_c1968.
300 _a426 p. :
_bil., retrs ;
_c19 cm.
534 _aTítulo original en inglés:
_tMr. justice.
700 1 _aPalomar, Carlos
_948432
700 1 _aDunham, Allison
_ecomp.
_948433
700 1 _aKurland, Philip B.
_ecomp.
_948434
049 _aBNPHU
999 _c22998
_d22998